BBA mathematics : Vol.II for 1st year 2nd Semester / (Record no. 1161)

MARC details
000 -LEADER
Fixed length control field 00499nam a2200181 4500
003 - CONTROL NUMBER IDENTIFIER
Control field SEACOMMC
005 - DATE AND TIME OF LATEST TRANSACTION
Control field 20250509132532.0
008 - FIXED-LENGTH DATA ELEMENTS--GENERAL INFORMATION
Fixed length control field 250329b |||||||| |||| 00| 0 eng d
020 ## - INTERNATIONAL STANDARD BOOK NUMBER / ISBN
International Standard Book Number 978-93-0673-07-3
Price Rs.230.00
040 ## - CATALOGING SOURCE
Original cataloging agency SEACOMMC
082 ## - DEWEY DECIMAL CLASSIFICATION NUMBER
Classification number 510.02465
Book Number P 153
100 ## - MAIN ENTRY--PERSONAL NAME
Personal name Pal,B.K
245 1# - TITLE STATEMENT
Title BBA mathematics : Vol.II for 1st year 2nd Semester /
Statement of responsibility B.K. Pal [and] K. Das
260 ## - IMPRINT
Place of publication Kolkata
Name of publisher U.N.Dhar & Sons
Date of publication 2009
300 ## - PHYSICAL DESCRIPTION
Page / Vol. No Vol.2
650 ## - SUBJECT ADDED ENTRY--TOPICAL TERM
Topical term Mathematics
942 ## - ADDED ENTRY ELEMENTS (KOHA)
Koha item type Books
Holdings
Withdrawn status Lost status Source of classification Damaged status Not for loan Home library Current library Shelving location Date acquired Total Checkouts Call number Accession number Date last seen Price effective from Koha item type Copy number
    Dewey Decimal Classification     SEACOM MANAGEMENT COLLEGE SEACOM MANAGEMENT COLLEGE Reference 03/03/2010   510.02465 P 153 M-2762 29/03/2025 29/03/2025 Reference Books  
    Dewey Decimal Classification     SEACOM MANAGEMENT COLLEGE SEACOM MANAGEMENT COLLEGE   03/03/2010   510.02465 P 153 M-2763 29/03/2025 29/03/2025 Books 1
    Dewey Decimal Classification     SEACOM MANAGEMENT COLLEGE SEACOM MANAGEMENT COLLEGE   03/03/2010   510.02465 P 153 M-2764 29/03/2025 29/03/2025 Books 2
    Dewey Decimal Classification     SEACOM MANAGEMENT COLLEGE SEACOM MANAGEMENT COLLEGE   03/03/2010   510.02465 P 153 M-2765 29/03/2025 29/03/2025 Books 3
    Dewey Decimal Classification     SEACOM MANAGEMENT COLLEGE SEACOM MANAGEMENT COLLEGE   03/03/2010   510.02465 P 153 M-2766 29/03/2025 29/03/2025 Books 4
    Dewey Decimal Classification     SEACOM MANAGEMENT COLLEGE SEACOM MANAGEMENT COLLEGE   03/03/2010   510.02465 P 153 M-2767 29/03/2025 29/03/2025 Books 5
    Dewey Decimal Classification     SEACOM MANAGEMENT COLLEGE SEACOM MANAGEMENT COLLEGE   03/03/2010   510.02465 P 153 M-2768 29/03/2025 29/03/2025 Books 6
    Dewey Decimal Classification     SEACOM MANAGEMENT COLLEGE SEACOM MANAGEMENT COLLEGE   03/03/2010   510.02465 P 153 M-2769 29/03/2025 29/03/2025 Books 7
    Dewey Decimal Classification     SEACOM MANAGEMENT COLLEGE SEACOM MANAGEMENT COLLEGE   03/03/2010   510.02465 P 153 M-2770 29/03/2025 29/03/2025 Books 8
    Dewey Decimal Classification     SEACOM MANAGEMENT COLLEGE SEACOM MANAGEMENT COLLEGE   03/03/2010   510.02465 P 153 M-2771 29/03/2025 29/03/2025 Books 9
    Dewey Decimal Classification     SEACOM MANAGEMENT COLLEGE SEACOM MANAGEMENT COLLEGE   03/03/2010   510.02465 P 153 M-2772 29/03/2025 29/03/2025 Books 10
    Dewey Decimal Classification     SEACOM MANAGEMENT COLLEGE SEACOM MANAGEMENT COLLEGE   03/03/2010   510.02465 P 153 M-2773 29/03/2025 29/03/2025 Books 11
    Dewey Decimal Classification     SEACOM MANAGEMENT COLLEGE SEACOM MANAGEMENT COLLEGE   03/03/2010   510.02465 P 153 M-2774 29/03/2025 29/03/2025 Books 12
    Dewey Decimal Classification     SEACOM MANAGEMENT COLLEGE SEACOM MANAGEMENT COLLEGE   03/03/2010   510.02465 P 153 M-2775 29/03/2025 29/03/2025 Books 13
    Dewey Decimal Classification     SEACOM MANAGEMENT COLLEGE SEACOM MANAGEMENT COLLEGE   03/03/2010   510.02465 P 153 M-2776 29/03/2025 29/03/2025 Books 14
© Seacom Engineering College, All rights reserved.    Powered by Koha